| 000 | 00444nam a2200181Ia 4500 | ||
|---|---|---|---|
| 001 | 17658 | ||
| 005 | 20260306171533.0 | ||
| 008 | 260306s9999||||xx |||||||||||||| ||und|| | ||
| 041 | _aESP | ||
| 082 |
_a658.15 _bB45 |
||
| 100 |
_aBernal Rojas, Josué A. _eAUT |
||
| 245 | 0 | _aFactoring aplicación contable y tributaria | |
| 260 | _c2013 | ||
| 300 |
_a47 páginas : _c24 cm. |
||
| 650 | _aGEN | ||
| 654 | _aCAN | ||
| 942 |
_cLIB _dJUS _fJUS _2ddc _n |
||
| 999 |
_c17658 _d17658 |
||